Normal view
MARC view
- SEQUENCES.SUMMABILITY.FOURIER ANALYSIS
Entry Topical Term
001 - CONTROL NUMBER
- control field: 63574
003 - CONTROL NUMBER IDENTIFIER
- control field: NUST
005 - DATE AND TIME OF LATEST TRANSACTION
- control field: 20210628203135.0
008 - FIXED-LENGTH DATA ELEMENTS
- fixed length control field: 210628|| aca||aabn | a|a d
040 ## - CATALOGING SOURCE
- Original cataloging agency: NUST
- Transcribing agency: NUST
150 ## - HEADING--TOPICAL TERM
- Topical term or geographic name entry element: SEQUENCES.SUMMABILITY.FOURIER ANALYSIS
670 ## - SOURCE DATA FOUND
- Source citation: Work cat.: (NUST): Rath, D , Nanda , S 63573, Sequences, summability and fourier analysis, 2005
